000 01762cam a22003251i 4500
003 SA-RiAUC
005 20241111083352.0
008 241104s1990 ua g 00100 ara c
040 _aSA-RiAUC
_bara
_cSA-RiAUC
_erda
050 4 _bA28 1990
082 0 4 _a251.12
_qSA-RiAUC
090 _a251.12
_bأ ب و ش
100 1 _aأبو شامة، عبد الرحمن بن إسماعيل بن إبراهيم،
_d599-665 هجري
_eمؤلف.
245 1 2 _aالمحقق من علم الأصول فيما يتعلق بأفعال الرسول صلى الله عليه وسلم /
_cتأليف شهاب الدين أبي محمد عبد الرحمن بن إسماعيل المقدسي الشافعي ؛ حققه وعلق عليه وخرج أحاديثه أحمد الكويتي.
250 _aالطبعة الثانية.
264 1 _aالقاهرة :
_bمؤسسة قرطبة طباعة، نشر، توزيع،
_c1990
264 3 _aالقاهرة :
_bمطبعة المدني
300 _a223 صفحة ؛
_c24 سم.
336 _aنص
_btxt
_2rdacontent
_3كتاب
337 _aبدون وسيط
_bn
_2rdamedia
338 _aمجلد
_bnc
_2rdacarrier
490 0 _aتذليل الفنون لإخراج التراث المدفون ؛
_v1
500 _aكشاف : صفحة 211-223.
590 _aزكي.
650 7 _aأصول الفقه الإسلامي
_2aucsh
700 1 2 _iتحقيق لـ (عمل) :
_aأبو شامة، عبد الرحمن بن إسماعيل بن إبراهيم،
_d599-665 هجري.
_tالمحقق من علم الأصول فيما يتعلق بأفعال الرسول صلى الله عليه وسلم
700 1 _aالكويتي، أحمد
_eمحقق.
942 _2ddc
_cBOOK
_n0
949 _aSA-JeALM
_d241104
_umohamedma123
_n1
999 _c2272
_d2272